Statistics for 3DS Zelda Bosses

Click here to take the quiz!

General Stats

  • This quiz has been taken 4 times
  • The average score is 5 of 20

Answer Stats

GamePlace FoughtBoss% Correct
A Link Between WorldsEastern PalaceYuga
100%
Tri Force HeroesSky TempleLady Maud
67%
BothTower Of Hera/Fire TempleMoldorm
67%
A Link Between WorldsThieves' HideoutStalblind
67%
Tri Force HeroesThe Lady's LairThe Lady's Pets
67%
A Link Between WorldsThrone RoomYuga Ganon
67%
BothStreetPass/Den Of TrialsShadow Link(s)
33%
Tri Force HeroesDesert TempleStalchampion
33%
Tri Force HeroesWater TempleArrghus
0%
A Link Between WorldsSwamp PalaceArrghus
0%
Tri Force HeroesIce TempleBlizzagia
0%
A Link Between WorldsIce RuinsDharkstare
0%
A Link Between WorldsDark PalaceGemesaur King
0%
A Link Between WorldsStreetPassGramps
0%
A Link Between WorldsTurtle RockGrinexx
0%
A Link Between WorldsSkull WoodsKnucklemaster
0%
Tri Force HeroesForest TempleMargoma
0%
A Link Between WorldsHouse Of GalesMargomill
0%
Tri Force HeroesGrim TemplePrismantus
0%
A Link Between WorldsDesert PalaceZaganaga
0%

Score Distribution

Percentile by Number Answered

Percent of People with Each Score

Your Score History

You have not taken this quiz